[Event "Titled Tuesday intern op 02nd Apr Late"]
[Site "Chess.com INT"]
[Date "2024.04.02"]
[Round "3"]
[White "Kukhmazov, Arsen"]
[Black "Manukian, Artak"]
[Result "1-0"]
[WhiteElo "2504"]
[BlackElo "2196"]
[PlyCount "47"]
[EventDate "2024.04.02"]
[EventType "swiss (blitz)"]
[EventRounds "11"]
[EventCountry "USA"]
[SourceTitle "CB15_2024"]
[SourceDate "2024.04.10"]
[SourceVersion "1"]
[SourceVersionDate "2024.04.10"]
[SourceQuality "1"]

1. d4 d5 2. c4 dxc4 3. e4 b5 4. a4 c6 5. Nc3 b4 6. Nb1 Ba6 7. Qc2 b3 8. Qc3 Nf6 9. f3 e5 10. dxe5 Nfd7 11. Be3 c5 12. Nd2 Nc6 13. Bxc4 Bxc4 14. Nxc4 Nd4 15. Rd1 Be7 16. Ne2 0-0 17. Nxd4 cxd4 18. Bxd4 Qc7 19. Ne3 Qb7 20. Nd5 Nb6 21. Nxe7+ Qxe7 22. Bc5 Qe6 23. Bxf8 Nxa4 24. Qd4 1-0

[Event "Titled Tuesday intern op 02nd Apr Late"]
[Site "Chess.com INT"]
[Date "2024.04.02"]
[Round "7"]
[White "Shimanov, Aleksandr"]
[Black "Kukhmazov, Arsen"]
[Result "1-0"]
[WhiteElo "2576"]
[BlackElo "2504"]
[PlyCount "79"]
[EventDate "2024.04.02"]
[EventType "swiss (blitz)"]
[EventRounds "11"]
[EventCountry "USA"]
[SourceTitle "CB15_2024"]
[SourceDate "2024.04.10"]
[SourceVersion "1"]
[SourceVersionDate "2024.04.10"]
[SourceQuality "1"]

1. e4 c6 2. Nf3 d5 3. exd5 cxd5 4. Ne5 Nc6 5. Bb5 Bd7 6. Bxc6 Bxc6 7. d4 e6 8. 0-0 Bd6 9. Re1 Nf6 10. Bg5 0-0 11. c3 Qc7 12. Nd2 Nd7 13. Nxd7 Bxd7 14. Nf3 Rae8 15. Bh4 Qb6 16. Qd2 a5 17. Bg3 Rc8 18. Re3 Bxg3 19. fxg3 Qd6 20. g4 b5 21. Ne5 Be8 22. Nd3 Qe7 23. a3 Qg5 24. Qe2 Bc6 25. Re5 Qe7 26. g5 Qd6 27. h4 Rce8 28. Re1 Bd7 29. Nc5 Re7 30. h5 Rfe8 31. Qg4 Kh8 32. Qf4 Rf8 33. h6 f6 34. hxg7+ Rxg7 35. gxf6 Rgf7 36. Rf1 Rxf6 37. Qxf6+ Rxf6 38. Rxf6 Qe7 39. Nxd7 Qxd7 40. Rfxe6 1-0

[Event "Titled Tuesday intern op 13th Feb Early"]
[Site "Chess.com INT"]
[Date "2024.02.13"]
[Round "1"]
[White "Kukhmazov, Arsen"]
[Black "Hrbek, Stepan"]
[Result "1-0"]
[WhiteElo "2498"]
[BlackElo "2426"]
[PlyCount "69"]
[EventDate "2024.02.13"]
[EventType "swiss (blitz)"]
[EventRounds "11"]
[EventCountry "USA"]
[SourceTitle "CB08_2024"]
[SourceDate "2024.02.21"]
[SourceVersion "1"]
[SourceVersionDate "2024.02.21"]
[SourceQuality "1"]

1. Nf3 Nf6 2. c4 e6 3. e3 c5 4. b3 d5 5. Bb2 Nc6 6. cxd5 exd5 7. Be2 Bd6 8. 0-0 0-0 9. d4 cxd4 10. Nxd4 Qe7 11. Nd2 Bd7 12. Rc1 Ne5 13. N2f3 Rac8 14. Rxc8 Rxc8 15. Qa1 Ne4 16. Nxe5 Bxe5 17. Nf5 Bxh2+ 18. Kxh2 Bxf5 19. Kg1 Qg5 20. Rc1 h5 21. Rxc8+ Bxc8 22. Qd1 h4 23. Bf3 Be6 24. Qd4 h3 25. Qe5 Qxe5 26. Bxe5 hxg2 27. Kxg2 f6 28. Bd4 b6 29. Be2 Nd6 30. Bc3 Kf7 31. a4 a5 32. Bd4 Nc8 33. Ba6 Ke7 34. Kg3 Kd7 35. Kh4 1-0

[Event "Titled Tuesday intern op 06th Feb Late"]
[Site "Chess.com INT"]
[Date "2024.02.06"]
[Round "2"]
[White "Kukhmazov, Arsen"]
[Black "Rogov, Matfey"]
[Result "1-0"]
[WhiteElo "2498"]
[BlackElo "2152"]
[PlyCount "111"]
[EventDate "2024.02.06"]
[EventType "swiss (blitz)"]
[EventRounds "11"]
[EventCountry "USA"]
[SourceTitle "CB07_2024"]
[SourceDate "2024.02.14"]
[SourceVersion "1"]
[SourceVersionDate "2024.02.14"]
[SourceQuality "1"]

1. b3 e5 2. Bb2 Nc6 3. e3 d5 4. Bb5 Nge7 5. Bxe5 a6 6. Bxc6+ Nxc6 7. Bb2 Qg5 8. Qf3 Bd6 9. Nh3 Qg6 10. Nf4 Bxf4 11. exf4 Nb4 12. Na3 0-0 13. 0-0 Nxc2 14. Nxc2 Qxc2 15. Be5 c6 16. Qe3 Qe4 17. Qc5 Re8 18. Rfe1 Qg6 19. f3 Bf5 20. Qb6 h5 21. Qxb7 f6 22. Bd4 Bh3 23. g3 Qd3 24. Be3 d4 25. Kf2 dxe3+ 26. dxe3 Rad8 27. Re2 Qc3 28. Rae1 Rd2 29. Qxa6 Rxe2+ 30. Rxe2 Rd8 31. Qc4+ Qxc4 32. bxc4 Rd1 33. Rc2 Rf1+ 34. Ke2 Rh1 35. Kd3 h4 36. Kd4 Rd1+ 37. Kc5 Bd7 38. gxh4 Rf1 39. a4 Rxf3 40. Rc3 Rf2 41. Ra3 Bc8 42. Kxc6 Rc2 43. c5 Kf7 44. a5 Ba6 45. Kb6 Bf1 46. a6 Rb2+ 47. Kc7 Rc2 48. a7 Bg2 49. Ra5 Ba8 50. Kb8 Be4 51. a8Q Rb2+ 52. Kc7 Bxa8 53. Rxa8 Rxh2 54. c6 Re2 55. Ra3 Ra2 56. Rxa2 1-0

[Event "Titled Tuesday intern op 16th Jan Early"]
[Site "Chess.com INT"]
[Date "2024.01.16"]
[Round "1"]
[White "Miszler, Levente"]
[Black "Kukhmazov, Arsen"]
[Result "0-1"]
[WhiteElo "2265"]
[BlackElo "2498"]
[PlyCount "106"]
[EventDate "2024.01.16"]
[EventType "swiss (blitz)"]
[EventRounds "11"]
[EventCountry "USA"]
[SourceTitle "CB04_2024"]
[SourceDate "2023.10.16"]
[SourceVersion "1"]
[SourceVersionDate "2023.10.16"]
[SourceQuality "1"]

1. Nf3 d5 2. d4 Nf6 3. g3 b5 4. Bg2 e6 5. 0-0 Be7 6. b3 0-0 7. c4 bxc4 8. bxc4 c6 9. Ne5 Nfd7 10. Nxd7 Nxd7 11. Qc2 Ba6 12. Nd2 Nb6 13. cxd5 cxd5 14. Re1 Rc8 15. Qb1 Na4 16. Qb3 Qa5 17. Nf3 Bb4 18. Bd2 Bxd2 19. Nxd2 Nc3 20. e4 Ne2+ 21. Rxe2 Bxe2 22. Qe3 Qc3 23. Qxc3 Rxc3 24. exd5 exd5 25. Bxd5 Rd8 26. Ne4 Rc7 27. Bb3 Rxd4 28. Ng5 h6 29. Re1 hxg5 30. Rxe2 g4 31. Kg2 Kh7 32. h3 gxh3+ 33. Kxh3 Rcd7 34. Kg2 Rd2 35. Re4 f5 36. Rh4+ Kg6 37. Rf4 R7d4 38. Rf3 Kg5 39. Rc3 g6 40. Rc6 a5 41. Ra6 a4 42. Bf7 Rd6 43. Rxa4 Kf6 44. Bb3 Rb2 45. Rf4 g5 46. Rf3 Rdd2 47. Bc4 f4 48. gxf4 g4 49. Re3 Rxf2+ 50. Kg3 Rg2+ 51. Kh4 Kf5 52. Bd5 Rh2+ 53. Kg3 Rh3# 0-1

[Event "Titled Tuesday intern op 16th Jan Early"]
[Site "Chess.com INT"]
[Date "2024.01.16"]
[Round "5"]
[White "Shimanov, Aleksandr"]
[Black "Kukhmazov, Arsen"]
[Result "1-0"]
[WhiteElo "2578"]
[BlackElo "2498"]
[PlyCount "107"]
[EventDate "2024.01.16"]
[EventType "swiss (blitz)"]
[EventRounds "11"]
[EventCountry "USA"]
[SourceTitle "CB04_2024"]
[SourceDate "2023.10.16"]
[SourceVersion "1"]
[SourceVersionDate "2023.10.16"]
[SourceQuality "1"]

1. d4 d5 2. c4 c6 3. cxd5 cxd5 4. Nc3 Nf6 5. Bf4 Qb6 6. a3 Qxb2 7. Na4 Qb5 8. e4 Qa5+ 9. Bd2 Qd8 10. e5 Ne4 11. Bd3 Nc6 12. Ne2 Nxd2 13. Qxd2 Qa5 14. Nac3 e6 15. 0-0 Be7 16. Rfb1 0-0 17. Qe3 a6 18. Ng3 g6 19. Nce2 b5 20. Qh6 f5 21. Rc1 Qb6 22. Rd1 Bd7 23. h4 Rf7 24. Nf1 Be8 25. Qf4 Rc8 26. Nh2 Qd8 27. Nf3 Na5 28. Qg3 Kh8 29. Nf4 Bd7 30. Ng5 Bxg5 31. hxg5 Kg8 32. Qh4 Nc4 33. g3 Nb2 34. Rd2 Nxd3 35. Rxd3 Rc4 36. Kg2 Rg7 37. Rh1 Qe7 38. Qh6 Qf7 39. Rh4 Qe7 40. Rh3 Be8 41. Qh4 a5 42. Rh1 b4 43. axb4 axb4 44. Rb1 Ba4 45. Rb2 b3 46. Ne2 Rf7 47. Qf4 Rf8 48. Nc3 Rb8 49. Nxa4 Rxa4 50. Rdxb3 Rxb3 51. Rxb3 Qa7 52. Qc1 Rxd4 53. Qc8+ Kg7 54. Rb7+ 1-0

[Event "Titled Tuesday intern op 09th Jan Early"]
[Site "Chess.com INT"]
[Date "2024.01.09"]
[Round "2"]
[White "Kashefi, Amir Hossein"]
[Black "Kukhmazov, Arsen"]
[Result "1-0"]
[WhiteElo "2193"]
[BlackElo "2498"]
[PlyCount "59"]
[EventDate "2024.01.09"]
[EventType "swiss (blitz)"]
[EventRounds "11"]
[EventCountry "USA"]
[SourceTitle "CB03_2024"]
[SourceDate "2024.01.17"]
[SourceVersion "1"]
[SourceVersionDate "2024.01.17"]
[SourceQuality "1"]

1. d4 d5 2. c4 c6 3. Nc3 Nf6 4. cxd5 cxd5 5. Nf3 Nc6 6. e3 a6 7. Ne5 e6 8. f4 Bd7 9. Bd3 g6 10. 0-0 h5 11. b3 Bd6 12. Bd2 Ne7 13. Rc1 Nf5 14. Qe2 Qe7 15. Be1 h4 16. Bf2 Rd8 17. Rc2 Kf8 18. Rfc1 Kg7 19. Qe1 Bxe5 20. fxe5 Ng4 21. h3 Nxf2 22. Qxf2 Bc6 23. Bxf5 gxf5 24. Ne2 Qg5 25. Nf4 Kf8 26. Rxc6 bxc6 27. Rxc6 Qg3 28. Qd2 Kg7 29. Rc7 Rhe8 30. Nh5+ 1-0

[Event "Titled Tuesday intern op 09th Jan Early"]
[Site "Chess.com INT"]
[Date "2024.01.09"]
[Round "5"]
[White "Kukhmazov, Arsen"]
[Black "Cuenca Jimenez, Jose Fernando"]
[Result "1-0"]
[WhiteElo "2498"]
[BlackElo "2514"]
[PlyCount "77"]
[EventDate "2024.01.09"]
[EventType "swiss (blitz)"]
[EventRounds "11"]
[EventCountry "USA"]
[SourceTitle "CB03_2024"]
[SourceDate "2024.01.17"]
[SourceVersion "1"]
[SourceVersionDate "2024.01.17"]
[SourceQuality "1"]

1. d4 d5 2. c4 e6 3. Nf3 Nf6 4. g3 Bb4+ 5. Bd2 a5 6. Bg2 0-0 7. Qc2 Be7 8. 0-0 c6 9. Bf4 Nbd7 10. Nc3 dxc4 11. Nd2 Nd5 12. Nxc4 Nxf4 13. gxf4 Qc7 14. e3 Nf6 15. Rac1 Nd5 16. Rfd1 Bd7 17. Ne5 Nb4 18. Qe2 f6 19. Nxd7 Qxd7 20. a3 Nd5 21. Ne4 f5 22. Nc5 Bxc5 23. Rxc5 Kh8 24. Kh1 Rg8 25. Qd2 a4 26. Rg1 Qe7 27. Rcc1 g5 28. fxg5 Rxg5 29. Bf3 Rag8 30. Rxg5 Qxg5 31. Qe2 Qh4 32. Rg1 Rxg1+ 33. Kxg1 Qd8 34. Qc2 Qb6 35. Bd1 Qa5 36. Kg2 Kg7 37. Qc4 Qd2 38. Qe2 Nxe3+ 39. fxe3 1-0

[Event "RUS-chT Rapid"]
[Site "Sochi"]
[Date "2023.10.18"]
[Round "3.14"]
[White "Zablotsky, Sergei"]
[Black "Kukhmazov, Arsen"]
[Result "1/2-1/2"]
[WhiteElo "2464"]
[BlackElo "2498"]
[PlyCount "68"]
[EventDate "2023.10.18"]
[EventType "team-swiss (rapid)"]
[EventRounds "9"]
[EventCountry "RUS"]
[SourceTitle "Mega2024 Update 01"]
[Source "Chessbase"]
[SourceDate "2023.11.12"]
[SourceVersion "1"]
[SourceVersionDate "2023.11.12"]
[SourceQuality "1"]
[WhiteTeam "Krasnoyarsk Region Enisey"]
[BlackTeam "Vologodsk Region"]
[WhiteTeamCountry "RUS"]
[BlackTeamCountry "RUS"]

1. Nf3 d5 2. g3 g6 3. Bg2 Bg7 4. 0-0 e5 5. d3 Ne7 6. e4 0-0 7. exd5 Nxd5 8. Re1 Nc6 9. Bd2 h6 10. Nc3 Be6 11. Qc1 Kh7 12. Nxd5 Bxd5 13. b4 a6 14. Bc3 Re8 15. Qb2 Qd6 16. Re2 Re7 17. Rae1 Rae8 18. Nd2 Bxg2 19. Kxg2 f6 20. f3 f5 21. a3 h5 22. Nb3 Nd4 23. Bxd4 exd4 24. Rxe7 Rxe7 25. Qc1 Bh6 26. Rxe7+ Qxe7 27. Qd1 Qe3 28. f4 h4 29. Qd2 Bxf4 30. Qxe3 Bxe3 31. gxh4 Kh6 32. Nc5 Kh5 33. Nxa6 Bf4 34. Kh3 Bd6 1/2-1/2

[Event "RUS-chT Blitz"]
[Site "Sochi"]
[Date "2023.10.17"]
[Round "11.3"]
[White "Kukhmazov, Arsen"]
[Black "Dubov, Daniil"]
[Result "0-1"]
[WhiteElo "2498"]
[BlackElo "2710"]
[PlyCount "122"]
[EventDate "2023.10.17"]
[EventType "team-swiss (blitz)"]
[EventRounds "13"]
[EventCountry "RUS"]
[SourceTitle "Mega2024 Update 01"]
[Source "Chessbase"]
[SourceDate "2023.11.12"]
[SourceVersion "1"]
[SourceVersionDate "2023.11.12"]
[SourceQuality "1"]
[WhiteTeam "Vologodsk Region"]
[BlackTeam "Moscow Park Tauer"]
[WhiteTeamCountry "RUS"]
[BlackTeamCountry "RUS"]

1. d4 e6 2. c4 c5 3. d5 exd5 4. cxd5 d6 5. Nc3 g6 6. Nf3 Bg7 7. Nd2 Ne7 8. Nc4 0-0 9. Bf4 Nf5 10. e4 Re8 11. Bd3 g5 12. 0-0 gxf4 13. exf5 Na6 14. Qh5 Qf6 15. Ne4 Rxe4 16. Bxe4 b5 17. Nd2 Bd7 18. Rad1 c4 19. Nf3 Nc5 20. Bb1 Na4 21. Rd4 Qh6 22. Qxh6 Bxh6 23. b3 Nc3 24. Re1 Nxb1 25. Rxb1 Bxf5 26. Rc1 Bg7 27. Rdd1 Bd3 28. Ne1 Be2 29. Rd2 Re8 30. bxc4 Bxc4 31. Nf3 h6 32. g3 Re4 33. Kg2 a5 34. Rcd1 a4 35. a3 Bc3 36. Rc2 Bb3 37. Rxc3 Bxd1 38. Nd2 Rd4 39. Nf1 Be2 40. gxf4 Bxf1+ 41. Kxf1 Rxd5 42. Rc6 Kg7 43. Ke2 Kf6 44. Ke3 Ke6 45. Rb6 Rh5 46. Rb7 Rc5 47. Kd4 f5 48. h4 Rc4+ 49. Ke3 Rc3+ 50. Ke2 Rb3 51. h5 Kd5 52. Rh7 Rxa3 53. Rxh6 Rh3 54. Rh8 a3 55. h6 a2 56. Ra8 Rxh6 57. Rxa2 Kc4 58. Rc2+ Kb3 59. Rc6 b4 60. Kd3 Kb2 61. Kc4 d5+ 0-1

[Event "RUS-chT Blitz"]
[Site "Sochi"]
[Date "2023.10.17"]
[Round "4.27"]
[White "Zhurova, Anna"]
[Black "Kukhmazov, Arsen"]
[Result "0-1"]
[WhiteElo "2288"]
[BlackElo "2498"]
[PlyCount "62"]
[EventDate "2023.10.17"]
[EventType "team-swiss (blitz)"]
[EventRounds "13"]
[EventCountry "RUS"]
[SourceTitle "Mega2024 Update 01"]
[Source "Chessbase"]
[SourceDate "2023.11.12"]
[SourceVersion "1"]
[SourceVersionDate "2023.11.12"]
[SourceQuality "1"]
[WhiteTeam "Voronezh"]
[BlackTeam "Vologodsk Region"]
[WhiteTeamCountry "RUS"]
[BlackTeamCountry "RUS"]

1. e4 c6 2. d4 d5 3. e5 Bf5 4. Nf3 e6 5. Be2 c5 6. Be3 Qb6 7. Nc3 Nc6 8. 0-0 Qxb2 9. Nb5 c4 10. Rb1 Qxc2 11. Nc7+ Kd7 12. Nxa8 Qxb1 13. Qxb1 Bxb1 14. Rxb1 Kc8 15. Ng5 Nh6 16. Bh5 g6 17. Bd1 Kb8 18. Nb6 axb6 19. Rxb6 Kc7 20. Rb1 Be7 21. Nxe6+ fxe6 22. Bxh6 Nxd4 23. Be3 Bc5 24. Bg4 Kc6 25. Kf1 Ra8 26. Bxd4 Bxd4 27. Rd1 c3 28. Bxe6 Rxa2 29. Rxd4 c2 30. Bxd5+ Kc5 31. Rc4+ Kxd5 0-1

[Event "RUS-ch Rapid"]
[Site "Sochi"]
[Date "2023.10.16"]
[Round "9"]
[White "Kukhmazov, Arsen"]
[Black "Pingin, Artem"]
[Result "1-0"]
[WhiteElo "2498"]
[BlackElo "2398"]
[PlyCount "155"]
[EventDate "2023.10.15"]
[EventType "swiss (rapid)"]
[EventRounds "11"]
[EventCountry "RUS"]
[SourceTitle "Mega2024 Update 01"]
[Source "Chessbase"]
[SourceDate "2023.11.12"]
[SourceVersion "1"]
[SourceVersionDate "2023.11.12"]
[SourceQuality "1"]

1. d4 d5 2. c4 dxc4 3. e4 b5 4. a4 c6 5. Nc3 b4 6. Nb1 Nf6 7. e5 Nd5 8. Bxc4 e6 9. Nf3 Be7 10. 0-0 0-0 11. Qe2 a5 12. Nbd2 Ba6 13. Nb3 h6 14. Be3 Bxc4 15. Qxc4 Nb6 16. Qc2 Qd5 17. Nfd2 N8d7 18. Rfc1 Rfc8 19. Ne4 Nf8 20. Nbc5 Rc7 21. Qe2 Qd8 22. Rc2 Nfd7 23. Nb3 Qf8 24. h3 Kh8 25. Qf3 Nd5 26. Rac1 N7b6 27. Nbc5 Bxc5 28. dxc5 Nd7 29. Bd4 Qg8 30. Nd6 Rf8 31. Re2 Nb8 32. Re4 Qh7 33. Qe2 Ra7 34. f4 Na6 35. b3 Nac7 36. Qf3 Ne7 37. g4 Ncd5 38. f5 Raa8 39. Kh2 Kg8 40. Rg1 g5 41. h4 exf5 42. gxf5 f6 43. exf6 Nxf6 44. Rxe7 Qxe7 45. hxg5 Ne8 46. Nxe8 hxg5 47. f6 Qh7+ 48. Qh3 Qxh3+ 49. Kxh3 Raxe8 50. Rxg5+ Kf7 51. Rg7+ Ke6 52. Kg4 Rd8 53. Re7+ Kd5 54. Be5 Kxc5 55. f7 Rd1 56. Kf5 Rf1+ 57. Ke6 Rf3 58. Rd7 Kb6 59. Bc7+ Ka6 60. Bd6 Ra8 61. Bc5 Rf1 62. Rc7 Re1+ 63. Kf6 Rf1+ 64. Kg7 Rf5 65. f8Q Rfxf8 66. Bxf8 Kb6 67. Rf7 Rd8 68. Rf5 Rd3 69. Bc5+ Kc7 70. Rf7+ Kd8 71. Rf8+ Kd7 72. Rf7+ Ke6 73. Re7+ Kd5 74. Rd7+ Ke4 75. Re7+ Kd5 76. Rd7+ Ke4 77. Re7+ Kd5 78. Rd7+ 1-0

[Event "RUS-ch Blitz"]
[Site "Sochi"]
[Date "2023.10.14"]
[Round "10"]
[White "Afanasiev, Nikita"]
[Black "Kukhmazov, Arsen"]
[Result "1/2-1/2"]
[WhiteElo "2533"]
[BlackElo "2498"]
[PlyCount "77"]
[EventDate "2023.10.14"]
[EventType "swiss (blitz)"]
[EventRounds "13"]
[EventCountry "RUS"]
[SourceTitle "Mega2024 Update 01"]
[Source "Chessbase"]
[SourceDate "2023.11.12"]
[SourceVersion "1"]
[SourceVersionDate "2023.11.12"]
[SourceQuality "1"]

1. d4 Nf6 2. Nf3 d5 3. e3 c5 4. Nbd2 Nbd7 5. b3 g6 6. Bb2 Bg7 7. Bd3 0-0 8. 0-0 b6 9. c4 Bb7 10. Qe2 cxd4 11. Bxd4 Nc5 12. Bxc5 bxc5 13. Rac1 Ne4 14. cxd5 Nc3 15. Rxc3 Bxc3 16. e4 Qd7 17. Rc1 Bg7 18. h4 e6 19. dxe6 Qxe6 20. h5 Rac8 21. Qe3 Rfd8 22. Bc4 Qe7 23. e5 Rxd2 24. Nxd2 Qxe5 25. Qxe5 Bxe5 26. Re1 Bf6 27. Ne4 Bxe4 28. Rxe4 Kg7 29. hxg6 hxg6 30. g3 Rc7 31. Kg2 Re7 32. Rf4 Bd4 33. Kf1 f5 34. Rf3 Kf6 35. Rd3 a5 36. Rd2 g5 37. Rc2 g4 38. Bd3 Kg5 39. Re2 1/2-1/2

[Event "RUS-ch Blitz"]
[Site "Sochi"]
[Date "2023.10.14"]
[Round "9"]
[White "Kukhmazov, Arsen"]
[Black "Pridorozhni, Aleksei"]
[Result "1/2-1/2"]
[WhiteElo "2498"]
[BlackElo "2486"]
[PlyCount "87"]
[EventDate "2023.10.14"]
[EventType "swiss (blitz)"]
[EventRounds "13"]
[EventCountry "RUS"]
[SourceTitle "Mega2024 Update 01"]
[Source "Chessbase"]
[SourceDate "2023.11.12"]
[SourceVersion "1"]
[SourceVersionDate "2023.11.12"]
[SourceQuality "1"]

1. d4 d5 2. c4 e6 3. Nf3 Nf6 4. g3 c6 5. Bg2 dxc4 6. 0-0 b5 7. b3 cxb3 8. Qxb3 Bb7 9. Nc3 Nbd7 10. Ne5 Nxe5 11. dxe5 Nd5 12. Ne4 Be7 13. Rd1 0-0 14. Nd6 Qc7 15. e4 Nb6 16. Bb2 Nc4 17. Nxc4 bxc4 18. Qxc4 c5 19. h4 Rfd8 20. Bc3 Rxd1+ 21. Rxd1 Rd8 22. Rb1 Bc6 23. Qa6 Ra8 24. h5 h6 25. f4 Qc8 26. Qxc8+ Rxc8 27. Kf2 Bd8 28. Kf3 Kf8 29. Bf1 f5 30. exf6 Bxf6 31. Rc1 Ke7 32. Ke3 Bxc3 33. Rxc3 Be8 34. g4 e5 35. Bc4 Bd7 36. f5 Kf6 37. Rd3 Be8 38. Rd6+ Kg5 39. Kf3 Rc7 40. Rd8 Ba4 41. Rd6 Be8 42. Rd8 Ba4 43. Rd6 Be8 44. Rd8 1/2-1/2